top 10 des pays qui comptent le plus de Français expatriés (hors de F - Statistiques

Statistiques générales
  • Ce quiz a été pris 107 fois
  • Le résultat moyen est 7 sur 10
Statistiques - réponses
Nombre de Français (estimé) Pays % Correct
Environ 90 000 Espagne
96%
Environ 210 000 Suisse
93%
Environ 115 000 Allemagne
88%
Environ 130 000 Belgique
87%
Environ 60 000 Maroc
79%
Environ 45 000 Portugal
77%
Environ 140 000 Royaume-Un
72%
Environ 190 000 États-Uni
70%
Environ 75 000 Israël
32%
Environ 110 000 Canada (surtout Québec)
9%
Aucun quiz correspondant
Distribution des résultats
% des personnes avec chaque résultat
Percentile par nombre de réponses
Votre historique - résultats
Vous n’avez pas pris ce quiz